| 000 | 00697cam a22002531 4500 | ||
|---|---|---|---|
| 001 | sa 64000461 | ||
| 003 | DLC | ||
| 005 | 20260227111956.0 | ||
| 008 | 940715s1962 ii b 000 0 pano | ||
| 010 | _asa 64000461 | ||
| 025 | _aPL480:I-Pu-167 | ||
| 035 | _a(OCoLC)30773508 | ||
| 040 |
_aDLC _cCU _dCU _dNSyU _dDLC |
||
| 042 | _apremarc | ||
| 050 | 0 | 0 |
_aPK2659.S587 _bZ95 |
| 100 | 1 | _aWinoda, T. R. | |
| 245 | 1 | 0 |
_aKahāṇīkāra Sujāna Siṅgha, _cTī. Āra. Winoda. |
| 250 | _a[Pahilī wāra] | ||
| 260 |
_aLudhiāṇā, _bLāhaura Buka Shāpa _c[1962] |
||
| 300 |
_a154 p. _c19 cm. |
||
| 500 | _aIn Panjabi. | ||
| 504 | _aBibliographical footnotes. | ||
| 600 | 1 | 0 |
_aSingh, Sujan, _d1909- |
| 999 |
_c56238 _d56238 |
||